Statistics for Parrot - 25 Piece Jigsaw Puzzle

Click here to take the quiz!

General Stats

  • This quiz has been taken 569 times
  • The average score is 20 of 25

Answers on the Map

Answers color-coded by a green-red scale on the quiz's map according to % correct below.
 

Answer Stats

Answer% Correct
92%
88%
87%
85%
85%
83%
82%
81%
80%
80%
80%
79%
79%
78%
78%
77%
76%
76%
76%
75%
75%
74%
73%
72%
70%

Score Distribution

Percentile by Number Answered

Percent of People with Each Score

Your Score History

You have not taken this quiz